Lista de encabezamientos de materia para bibliotecas / compilado por Carmen Rovira y Jorge Aguayo
Descripción Física:
2 v., 436 p. ; 29 cm
Colección:
Manuales del bibliotecario ; 6
Otros Autores:
Aguayo, Jorge
Materias:
Encapçalaments de materia en castellà
MARC
| LEADER | 00000nam a2200000Ia 4500 | ||
|---|---|---|---|
| 001 | 12910, 12911 | ||
| 008 | 160829s1967 xx 000 0 cat d | ||
| 080 | |a A-1-316, A-1-317 | ||
| 100 | |a Rovira, Carmen |9 34384 | ||
| 245 | |a Lista de encabezamientos de materia para bibliotecas / compilado por Carmen Rovira y Jorge Aguayo | ||
| 260 | |a Washington, D.C. : |b Union Panamericana, |c 1967 | ||
| 300 | |a 2 v., 436 p. ; |c 29 cm | ||
| 490 | |a Manuales del bibliotecario ; 6 | ||
| 590 | |a Son fotocopies del exemplars originals. | ||
| 590 | |a Conté: v. 1: A - H; v. 2: I - Z | ||
| 650 | |a Encapçalaments de materia en castellà |9 34385 | ||
| 700 | |a Aguayo, Jorge |9 34386 | ||
| 866 | |a 1, 2 | ||
| 901 | |a Arxiu | ||
| 942 | |n 1 | ||
| 952 | |0 0 |1 0 |4 0 |6 A1316_A1317 |7 1 |9 46489 |a Arxiu |b Arxiu |d 2016-12-01 |l 0 |o A-1-316, A-1-317 |p 12910, 12911 |r 2016-12-01 00:00:00 |w 2016-12-01 |y ARXIU | ||
| 999 | |c 50279 |d 50279 | ||